Finančné zdravie podnikov cestovného ruchu
Finančná analýza podnikateľských subjektov cestovného ruchu na Slovensku. Medzipodnikové porovnávanie. Súbor pomerových ukazovateľov sa člení do skupín: ukazovatele likvidity, ukazovatele aktivity, ukazovatele finančnej štruktúry, resp. zadlženia, ukazovatele rentability. Výsledky analýzy.
Guardado en:
| Autor principal: | |
|---|---|
| Formato: | Capítulo de libro |
| Lenguaje: | eslovaco |
| Materias: | |
| Etiquetas: |
Sin Etiquetas, Sea el primero en etiquetar este registro!
|
MARC
| LEADER | 00000naa$a2200000$$$4500 | ||
|---|---|---|---|
| 001 | 0009634 | ||
| 005 | 20221104094514.1 | ||
| 041 | 0 | |a slo | |
| 044 | |a SK | ||
| 245 | 1 | 0 | |a Finančné zdravie podnikov cestovného ruchu |c aut. Mária Pachingerová |
| 520 | |a Finančná analýza podnikateľských subjektov cestovného ruchu na Slovensku. Medzipodnikové porovnávanie. Súbor pomerových ukazovateľov sa člení do skupín: ukazovatele likvidity, ukazovatele aktivity, ukazovatele finančnej štruktúry, resp. zadlženia, ukazovatele rentability. Výsledky analýzy. | ||
| 610 | 2 | 0 | |a analýza finančná |
| 610 | 2 | 0 | |a podnik ruchu cestovného |
| 610 | 2 | 0 | |a hospodárstvo podniku finančné |
| 610 | 2 | 0 | |a porovnanie medzipodnikové |
| 610 | 2 | 0 | |a ukazovatele pomerové |
| 610 | 2 | 0 | |a ukazovatele finančné |
| 610 | 2 | 0 | |a zdroje finančné |
| 100 | 1 | |a Pachingerová, Mária | |